| 000 | 00372nam a22001217a 4500 | ||
|---|---|---|---|
| 082 | _a220 PRO | ||
| 100 |
_aNC AHMAD NC ANSUB ZIA TAIMURI _973048 |
||
| 245 | _aPR-SOF-1915-Sensor Fusion for Intelligent Road Transportation | ||
| 260 |
_aISLAMABAD _bNUST COLLEGE OF EME _c2020 |
||
| 650 | _aDE-COMP-38 | ||
| 700 |
_aPROJECT SUPERVISOR DR. SHAHZOR AHMAD _971309 |
||
| 942 | _cCR | ||
| 999 |
_c578936 _d578936 |
||